000 00425nam a2200169Ia 4500
008 090711s9999 xx 000 0 und d
082 _b67025
100 _aओक जनार्दन
245 _aलालसा
260 _c1989
300 _a204
600 _aओक जनार्दन
630 _aलालसा
700 _aओक जनार्दन
730 _aलालसा
942 _cBOOK
999 _c294494
_d294494